[Event "RUS-ch"]
[Site "Elista"]
[Date "1994.??.??"]
[Round "3"]
[White "Tregubov, Pavel V"]
[Black "Varavin, Viktor"]
[Result "0-1"]
[WhiteElo "2545"]
[BlackElo "2510"]
[Annotator "Stohl,I"]
[PlyCount "60"]
[EventDate "1994.09.??"]
[EventType "swiss"]
[EventRounds "11"]
[EventCountry "RUS"]
[SourceTitle "CBM 044"]
[Source "ChessBase"]
[SourceDate "1995.02.01"]
[SourceVersion "1"]
[SourceVersionDate "1995.02.01"]
[SourceQuality "1"]

1. d4 {Arkhipov} Nf6 2. Bg5 Ne4 3. Bf4 c5 4. f3 Qa5+ 5. c3 Nf6 6. Nd2 (6. d5 e6
7. e4 $10) 6... cxd4 7. Nb3 (7. cxd4 $6 Nd5 $36) 7... Qf5 $1 (7... Qb6 8. Qxd4
Nc6 9. Qxb6 axb6 10. Be3 $5 $14) 8. Bxb8 $6 (8. Qxd4 Nc6 9. Qd2 d5 (9... e5 10.
Bg5 h6 11. Bxf6 Qxf6 12. e4 $13) 10. Nd4 $10) 8... Rxb8 (8... dxc3 9. Bg3 cxb2
10. Rb1 $16) 9. Qxd4 (9. Nxd4 Qe5 10. Qd2 (10. e4 {Arkhipov} a6 (10... d5 11.
Bb5+) 11. Nh3 d5 $15) 10... d5 $15 {[+]}) 9... b6 (9... Ra8 10. e4 Qf4 11. Nh3
Qc7 12. e5 Ng8 13. O-O-O e6 14. f4 Ne7 15. Kb1 b6 16. Ng5 Bb7 17. Ne4 Nf5 18.
Qd3 Qc6 19. Nf2 Rd8 (19... h5 $5 $13) 20. g4 Bc5 21. Nd4 Bxd4 22. cxd4 Ne7 23.
Rg1 Nd5 24. Qd2 O-O 25. g5 d6 26. Bd3 $36 {Gerstner,W-Uhlmann,W/Baden Baden op/
1993/}) 10. e4 Qf4 $1 11. Ne2 (11. Nh3 Qc7 (11... Qh4+ $6 12. g3 Qh6 13. e5 $36
d6 $2 14. exf6 Bxh3 15. Bxh3 e5 16. Qa4+ b5 17. Qxa7 {1-0,Gonzalez de la Nava,
A-Cubas,J/ESP-ch/1993/}) 12. e5 Ng8 13. Bd3 g6 $1 14. e6 f6 15. exd7+ Bxd7 $15
{^^}) (11. Bc4 $5 {Arkhipov} e6 12. Ne2 Qg5 13. Qf2 {/\ h4,g4}) 11... Qc7 12.
e5 (12. O-O-O {Arkhipov} e6 13. g4 Be7 14. h4 O-O 15. h5 b5 16. Kb1 a5 $15)
12... Ng8 13. c4 (13. Nf4 f6 $1 14. exf6 Nxf6 $36) (13. O-O-O e6 (13... f6 $5
14. f4 fxe5 15. fxe5 g6 {/\Bg7,><e5} 16. e6 Nf6 17. exd7+ Bxd7 $15) 14. Ng3 f5
15. Bd3 Ne7 16. Rhe1 Nc6 17. Qf4 Be7 18. Nxf5 $1 exf5 19. Qxf5 g6 20. Qe4 b5
21. h4 O-O 22. Kb1 Kg7 23. h5 $40 {Gerstner,W-Palos,O/Baden Baden op/1988/})
13... f6 14. f4 fxe5 15. fxe5 g6 $1 {><e5} 16. e6 Nf6 17. Nc3 (17. exd7+ Bxd7
$32 {/\Bg7,0-0->} (17... Bxd7 {Arkhipov} 18. Nc3 Bh6 $1 19. Nd5 Qd6 $15)) 17...
dxe6 18. Nb5 Qb7 $17 19. Be2 (19. O-O-O Bh6+ 20. Kb1 O-O $17) (19. Rd1 $5 {
Arkhipov}) 19... Qxg2 20. Qe5 (20. Rf1 {/\Qe5} Qxh2 {/\} 21. Rxf6 exf6 22. Qxf6
Bb4+ 23. Kd1 Rf8 $19) (20. Rg1 Qxh2 21. Rd1 Bd7 $17) 20... Qxh1+ 21. Kf2 Ne4+
$1 (21... Qb7 $6 22. Bf3 Bg7 23. Ke2 (23. Bxb7 {Arkhipov} Ng4+ $17) 23... Nh5
24. Qe3 Qd7 25. Rd1 $36) 22. Ke3 Bh6+ 23. Kd3 Nf2+ 24. Kc3 (24. Kc2 $2 Qe4+)
24... O-O $1 $19 25. Qxb8 (25. Rxh1 Bg7 $19) 25... Qe4 26. Nxa7 (26. Re1 Nd3
$19) 26... Qxe2 27. Nxc8 Bd2+ $5 (27... Qd3+ 28. Kb4 Qd7 $19) 28. Nxd2 $8 Qd3+
29. Kb4 Qxd2+ 30. Ka4 (30. Kb3 Rf3+ 31. Ka4 Qa5#) 30... Qd7+ 0-1

[Event "Tilburg"]
[Site "Tilburg"]
[Date "1994.??.??"]
[Round "2"]
[White "Salov, Valery"]
[Black "Ye, Jiangchuan"]
[Result "1/2-1/2"]
[WhiteElo "2710"]
[BlackElo "2575"]
[Annotator "Stohl,I"]
[PlyCount "74"]
[EventDate "1994.09.??"]
[EventType "k.o."]
[EventRounds "7"]
[EventCountry "NED"]
[SourceTitle "CBM 044"]
[Source "ChessBase"]
[SourceDate "1995.02.01"]
[SourceVersion "1"]
[SourceVersionDate "1995.02.01"]
[SourceQuality "1"]

1. d4 Nf6 2. Bg5 g6 3. Bxf6 exf6 4. g3 (4. c4 f5 5. g3 d5 $5 6. Bg2 dxc4 7. d5
Bg7 8. Nc3 O-O 9. Qa4 c6 $1 10. Rd1 Qb6 11. Rd2 Qc5 12. dxc6 Nxc6 13. Bxc6 Qxc6
14. Qxc6 bxc6 15. Nf3 Be6 16. O-O Rfd8 17. Rfd1 Bf6 18. Nd4 Bd5 19. Nc2 Rdb8
20. Ne3 Be6 21. Rc1 Bg5 22. f4 Be7 $36 {Podvrsnik,M-Beshukov,S/Ljubljana op/
1994/}) 4... d5 5. Bg2 c6 (5... Bg7 6. e3 O-O 7. Nd2 c6 8. Ne2 Nd7 9. c4 dxc4
10. Nxc4 Nb6 11. Na5 Re8 12. O-O Bf8 13. a3 Bd6 14. b4 h5 15. e4 Kg7 16. Rc1 h4
$132 {Lobron,E-Xie Jun/Donner mem-A/1994/}) 6. e3 Bd6 7. Nd2 Nd7 (7... f5 $10)
8. Ne2 (8. c4 dxc4 9. Nxc4 Bb4+ $10) (8. e4 $5 dxe4 9. Nxe4 Bc7 10. Nf3 f5 {
/\Qe7=}) 8... h5 (8... f5 $5) 9. e4 (9. h4 f5 (9... Nb6 10. b3 Kf8 11. c4 Bc7
12. Nc3 Be6 13. c5 Nd7 14. b4 Kg7 15. Nb3 Re8 16. a4 Nf8 17. Qd2 Bg4 18. b5 Qd7
19. a5 a6 20. bxc6 bxc6 21. Na4 Qf5 22. Nb6 Rab8 23. O-O Bf3 24. Bxf3 Qxf3 25.
Qd1 Rxe3 26. Qxf3 Rxf3 27. Nc1 $44 {><a6,c6/Adams,M-Xie Jun/Etoiles/1994/}) 10.
c4 dxc4 11. Nxc4 Bc7 $10) 9... dxe4 10. Nxe4 Bc7 11. Qd2 Nb6 12. O-O-O (12. O-O
$6 h4 $36) 12... Kf8 $5 13. Kb1 Kg7 14. Nf4 a5 15. Rhe1 a4 $132 16. a3 (16. Nc5
$5 a3 17. b3 $13) 16... Nd5 17. Nd3 (17. Nxd5 Qxd5 (17... cxd5 $6 18. Nc3 Ba5
19. Re3 {><d5}) 18. f4 Be6 19. Nc3 Qa5 20. d5 Rhd8 $132) 17... Ba5 $5 18. c3 $8
b6 19. Nb4 (19. Nf4 $5 Ba6 (19... f5 20. Ng5 $1 $36) 20. Bf1 $10) 19... Bxb4
20. cxb4 (20. axb4 Ba6 21. Bf1 Bxf1 22. Rxf1 a3 $36) 20... Be6 21. Nc3 Qd7 (
21... h4 $5 $15 {><d4}) 22. h4 $1 Rhd8 23. Be4 Ra7 24. Qd3 b5 (24... Nxc3+ 25.
Qxc3 Rc7 26. Bc2 $10) 25. Bxd5 Bxd5 26. Nxd5 Qxd5 27. Re4 Rad7 28. Qe3 $10 Rd6
(28... Qb3 $6 29. Qxb3 axb3 30. Rd3 f5 31. Rf4 $14) 29. Rd3 Qf5 30. Kc2 Rd5 31.
Kc3 Qh3 32. Kc2 (32. Re7 Qf1 33. Qe1 $10) 32... Qd7 33. Kd2 (33. Re7 Qf5 34.
Kc3 $10) 33... Qd6 (33... f5 34. Re7 (34. Rf4 $6 Re8 $15) 34... Qd6 35. Kc3 $10
{/\Re5}) 34. Kc3 Rf5 35. Kc2 Qd5 36. f4 Qd6 37. Kc3 Rd5 1/2-1/2

[Event "Altensteig"]
[Site "Altensteig"]
[Date "1994.??.??"]
[Round "10"]
[White "Bezold, Michael"]
[Black "Bischoff, Klaus"]
[Result "0-1"]
[WhiteElo "2475"]
[BlackElo "2525"]
[Annotator "Stohl,I"]
[PlyCount "69"]
[EventDate "1994.08.??"]
[EventType "tourn"]
[EventRounds "11"]
[EventCountry "GER"]
[EventCategory "12"]
[SourceTitle "CBM 043"]
[Source "ChessBase"]
[SourceDate "1994.12.01"]
[SourceVersion "1"]
[SourceVersionDate "1994.12.01"]
[SourceQuality "1"]

1. d4 Nf6 2. Bg5 e6 3. e4 h6 4. Bxf6 Qxf6 5. Nc3 (5. Qd2 $5 {/\f4,Nf3,Bd3()}) (
5. e5 Qd8 6. f4 d6 7. Nf3 dxe5 (7... Be7 $5) 8. Nxe5 Nd7 9. Nc3 Nxe5 10. fxe5
Bb4 11. Qg4 Qg5 12. Qxg5 hxg5 13. Kf2 Bxc3 14. bxc3 Bd7 15. Bd3 Bc6 16. Kg3 Ke7
17. Rhf1 Rh4 18. Rf2 Be4 19. Raf1 Rf8 20. h3 f5 21. exf6+ gxf6 $10 {Brandics,
J-Tornai,I/HUN-chT1 9394/1994/}) 5... Bb4 $5 6. Nf3 (6. Qd2 $142 $1 c5 (6... d6
7. a3 (7. f4 $5) 7... Bxc3 8. Qxc3 Nc6 9. Nf3 O-O 10. Bd3 Qe7 11. e5 f6 12.
exd6 cxd6 13. O-O f5 14. Rae1 Qf6 15. b4 a6 16. a4 Rd8 17. b5 axb5 18. axb5 Ne7
19. Ra1 Nd5 20. Qb3 Bd7 21. Rfe1 Kh8 22. Rxa8 Rxa8 23. c4 Nf4 24. c5 $36 {
Gelfand,B-Rozentalis,E/Tilburg (30')/1992/}) 7. a3 Bxc3 8. bxc3 d6 9. f4 O-O
10. Nf3 Nc6 11. Bb5 Na5 12. Bd3 b6 13. O-O Bb7 14. Rae1 Rac8 15. e5 Qe7 16. f5
$1 dxe5 17. Nxe5 cxd4 18. f6 $1 Qc5 19. Qf4 dxc3+ 20. Rf2 g5 21. Qg4 $40 {
Hodgson,J-Yudasin,L/New York PCA-op/1994/}) 6... d6 (6... Bxc3+ $5 7. bxc3 d6
8. Bd3 Nd7 $10 {/\e5}) 7. Qd2 Nd7 8. a3 Ba5 (8... Bxc3 9. Qxc3 c5 10. O-O-O $14
) 9. Bd3 (9. b4 $5 Bb6 10. Na4 O-O 11. c4 $13) 9... O-O 10. O-O c6 $1 {/\e5}
11. b4 Bc7 12. Ne2 e5 13. c4 $6 {ץd3,d4} (13. c3 Re8 14. Ng3 {/\Rfe1,Nf1-e3=})
13... Re8 14. d5 (14. dxe5 $142 dxe5 15. c5 Nf8 $15) 14... cxd5 15. cxd5 Nf8
16. Ng3 Ng6 17. Nh5 Qd8 {/\Bg4,Bb6->} 18. Be2 Bb6 19. Rac1 Rf8 $1 20. Rc3 a5 {
<->a} 21. h3 (21. b5 Bc5 $17) 21... axb4 22. axb4 Bd7 23. Nh2 Qg5 24. Qd1 (24.
Qxg5 hxg5 25. Bg4 Bb5 {/\Ra2-/+}) 24... Ra2 25. Ng4 (25. Rg3 Qd2 $19) 25...
Rfa8 (25... Qxh5 $2 26. Nf6+ $18) 26. h4 (26. Rg3 Qd2 $5 (26... Qh4 $17) 27.
Ngf6+ gxf6 28. Nxf6+ Kh8 29. Nxd7 Bd4 30. Qxd2 Rxd2 31. Bh5 Nf4 $40) 26... Qd2
$1 27. Qxd2 Rxd2 28. Bf3 Nxh4 29. Ngf6+ gxf6 30. Nxf6+ Kg7 31. Nxd7 Bd4 $19 32.
Rc7 (32. Rb3 Raa2 $19) 32... Nxf3+ 33. gxf3 Raa2 34. Kg2 Bxf2 35. Kh3 (35. Kh3
Be3 36. Rh1 (36. Rxb7 Rh2+ 37. Kg4 Rag2+ 38. Kf5 Rh5#) 36... Bf4 {/\h5,Rh2#})
0-1

[Event "Olympiad-31"]
[Site "Moscow"]
[Date "1994.12.12"]
[Round "11.2"]
[White "Miladinovic, Igor"]
[Black "Adams, Michael"]
[Result "0-1"]
[WhiteElo "2500"]
[BlackElo "2640"]
[Annotator "Stohl,I"]
[PlyCount "87"]
[EventDate "1994.12.01"]
[EventType "team-swiss"]
[EventRounds "14"]
[EventCountry "RUS"]
[SourceTitle "CBM 045"]
[Source "ChessBase"]
[SourceDate "1995.04.01"]
[SourceVersion "1"]
[SourceVersionDate "1995.04.01"]
[SourceQuality "1"]
[WhiteTeam "Serbia & Montenegro"]
[BlackTeam "England"]
[WhiteTeamCountry "YUG"]
[BlackTeamCountry "ENG"]

1. d4 Nf6 2. Bg5 Ne4 3. h4 $6 c5 4. dxc5 (4. d5 g6 5. Qd3 Nxg5 6. Qc3 Rg8 7.
hxg5 Bg7 8. Qa3 Na6 9. Nd2 Nb4 10. O-O-O Nxd5 11. Qxc5 Nb6 12. Qa3 Rh8 13. e4
d6 14. f4 Qc7 15. Ngf3 Bd7 16. Kb1 Rc8 17. Bd3 Qc5 18. Qxc5 Rxc5 19. Rh4 h5 $1
20. Re1 Bg4 21. Rhh1 Kd8 $15 {_|_^^,Hodgson,J-Smirin,I/Munich/1993/}) 4... Na6
5. Qd4 (5. Nd2 Naxc5 6. Nxe4 Nxe4 7. Nf3 Qb6 8. Qd4 Qxd4 9. Nxd4 a6 10. g3 e5
11. Nb3 d5 12. Bg2 Nxg5 13. hxg5 Be6 14. f4 O-O-O 15. Kf2 Be7 16. Rad1 d4 17.
Bh3 Bxh3 18. Rxh3 f6 19. gxf6 Bxf6 20. Kf3 Rde8 21. fxe5 Bxe5 22. Rd2 Bf6 23.
Rh5 Re3+ $15 {Adams,M-Lesiege,A/Oakham/1992/}) 5... Qa5+ $146 (5... Naxc5 $5 6.
Nc3 (6. Bf4 d5 {/\Ne6,f6,e5[+]}) 6... Nxc3 7. Qxc5 Ne4 8. Qd5 Nxg5 9. hxg5 Qb6
10. O-O-O Qxf2 11. Nf3 Qe3+ 12. Kb1 e6 13. Qc4 d5 14. Qb5+ Bd7 15. Qxb7 Rc8 16.
Nd4 Bc5 17. Rh3 Qe5 18. Rc3 Ke7 19. e4 Rc7 $17 {Kosic,D-Kiselev,S/JUG-chT
Becici/1993/}) 6. c3 Nxg5 7. hxg5 (7. b4 Nxb4 $5 (7... Ne6 8. bxa5 Nxd4 9. cxd4
$13) 8. cxb4 Ne6 9. Qd2 Qd8 $15 {/\d6,b6}) 7... Qxc5 8. Nf3 Qxd4 9. Nxd4 (9.
cxd4 $5 Nb4 10. Kd2 $10) 9... g6 10. e4 Bg7 11. Nd2 Nc7 $15 {[+]^^_|_} 12. Bc4
(12. Bd3 $142 h6 $15 (12... d5 $6 13. Nb5 $1 $16)) (12. f4 e5 $36) 12... b5 $1
13. Bd3 (13. Nxb5 Nxb5 14. Bxb5 Rb8 $17) 13... b4 $36 14. Ke2 Rb8 15. Rac1 bxc3
16. bxc3 Rb2 (16... Bb7 $5 17. Rb1 O-O $15) 17. Rc2 Rb6 (17... Rxc2 18. Bxc2 d5
19. Ba4+ $132) 18. Nc4 Rb8 19. f4 O-O 20. g3 d5 21. Na5 (21. exd5 Nxd5 {/\Nc3})
21... dxe4 22. Bxe4 Rb6 23. Ndc6 (23. Nc4 $5 Ba6 24. Bd3 $15) 23... Re8 24. Kf3
$2 (24. Kf2 $142) 24... Nb5 25. Nc4 (25. c4 Nc3 $17) 25... Rb7 26. N6e5 Rc7 $1
27. Bc6 Rd8 28. Re1 (28. Bxb5 Bb7+ 29. Bc6 Rxc6 $1 $19) 28... Bf5 29. Rcc1 Nd6
30. Na5 $8 (30. Bd5 Nxc4 31. Bxf7+ Kf8 32. Bxc4 Bxe5 $19) 30... Bxe5 31. Rxe5 (
31. fxe5 Nc4 32. Nxc4 Rxc6 33. Ne3 Be6 $17 {ק}) 31... Rdc8 32. Ba4 (32. Rc5 $2
Be4+ $19) 32... Rxc3+ $19 33. Rxc3 Rxc3+ 34. Re3 Rc5 35. Re5 $8 (35. Nb3 Rc4 {
ץa4}) 35... Rc3+ 36. Re3 Be4+ 37. Kf2 Rc5 38. Nb3 $8 Rc4 (38... Rc2+ 39. Re2
Rc3 40. Re3 $8 Rc4) 39. Bd7 Kf8 {/\e6,Ke7} (39... e6 $5 $19) 40. Bh3 Bd5 41.
Ke1 Rc2 42. a3 (42. Re2 Rxe2+ 43. Kxe2 Ne4 {/\Nc3,Ng3}) 42... Ne4 43. Nd4 Rc1+
44. Ke2 (44. Ke2 Rg1 45. g4 $8 e5 $1 $19) 0-1

[Event "Donner Memorial-A"]
[Site "Amsterdam"]
[Date "1994.??.??"]
[Round "2"]
[White "Lobron, Eric"]
[Black "Xie, Jun"]
[Result "0-1"]
[WhiteElo "2580"]
[BlackElo "2515"]
[Annotator "Stohl,I"]
[PlyCount "96"]
[EventDate "1994.08.??"]
[EventType "tourn"]
[EventRounds "9"]
[EventCountry "NED"]
[EventCategory "15"]
[SourceTitle "CBM 043"]
[Source "ChessBase"]
[SourceDate "1994.12.01"]
[SourceVersion "1"]
[SourceVersionDate "1994.12.01"]
[SourceQuality "1"]

1. d4 Nf6 2. Bg5 g6 $5 3. Bxf6 (3. c3 Bg7 4. Nd2 d6 5. e3 Nbd7 6. f4 e5 $1 7.
fxe5 dxe5 8. Bc4 Qe7 9. Ne2 h6 10. Bh4 Nb6 11. O-O O-O 12. Bb3 g5 13. Bf2 Bg4
14. Nf3 Ne4 15. Qe1 Rae8 16. Ng3 Bxf3 17. gxf3 Nxg3 18. hxg3 Kh8 19. e4 exd4
20. Bxd4 f5 21. Qe3 f4 $36 {Zurek,M-Smejkal,J/CZE-chT/1993/}) 3... exf6 4. g3 (
4. e4 d6 5. Bd3 Bg7 6. Nf3 O-O (6... Nc6 $5 {/\Ne7,f5=}) 7. O-O c5 8. c3 Nc6 9.
Nbd2 Bg4 10. h3 Bxf3 11. Nxf3 cxd4 12. Nxd4 Nxd4 13. cxd4 d5 14. Qf3 dxe4 15.
Bxe4 f5 16. Bxb7 Rb8 17. b3 Bxd4 18. Rac1 Qb6 19. Bd5 Rbc8 20. Bc4 Rcd8 $10 {
Leinard,B-Dias,P/EU-chJM U14 Szombathely/1993/}) (4. Nf3 f5 5. e3 Bg7 6. Be2
O-O 7. O-O d6 8. a4 c5 9. c3 Nc6 10. Na3 Re8 11. Re1 Qf6 12. Bb5 a6 13. Bf1 f4
$1 14. d5 Ne7 15. e4 Bg4 16. Nc4 Rad8 17. a5 g5 18. Be2 Ng6 $15 {Bukhman,
E-Rosenthal,D/Budapest Spring op/1990/}) (4. e3 f5 (4... Bg7 5. h4 b6 $5 6. h5
Bb7 7. Ne2 d6 8. c3 Nd7 9. Nd2 f5 10. Nf4 Qe7 11. Qb3 Nf6 12. Bc4 c6 13. h6 Bf8
14. d5 c5 15. Bb5+ Kd8 16. Bc6 Ng4 17. Nc4 Rb8 18. Bxb7 Rxb7 19. a4 a6 20. Kf1
Bxh6 21. Re1 Re8 22. Nd3 Bg5 23. Rxh7 Nf6 24. Rh3 Ne4 $15 {Piket,J-Polgar,J/
Roquebrune rapid/1992/}) 5. g3 (5. Bd3 d5 6. c4 dxc4 7. Bxc4 Bg7 8. Nc3 O-O 9.
Nf3 a6 10. O-O b5 11. Bd5 $1 c6 12. Bb3 Nd7 13. Rc1 c5 14. Bd5 Rb8 15. dxc5
Nxc5 16. Nd4 Rb6 17. Nc6 Qf6 18. b4 $14 {Gurevich,M-Rashkovsky,N/Sverdlovsk FL/
1984/}) (5. Ne2 Bg7 6. Nf4 d6 7. Nd2 Nd7 8. h4 Nf6 9. c3 c6 10. Bd3 Qe7 11. Qc2
Bd7 12. g3 d5 13. c4 dxc4 14. Nxc4 c5 15. O-O Rc8 16. a4 cxd4 17. exd4 O-O 18.
Qb3 Ne4 $36 {Alburt,L-Savon,V/USSR-ch/1974/}) 5... Bg7 6. Ne2 d6 7. Bg2 O-O 8.
c4 Nd7 (8... c5 $6 {><d5} 9. Nbc3 cxd4 10. exd4 Nc6 11. Qd2 Re8 12. O-O Bd7 13.
Rab1 Rc8 14. Rfd1 b6 15. b3 a6 16. c5 $1 dxc5 17. dxc5 Nb8 18. cxb6 Qxb6 19.
Nd5 Qa7 20. a4 $36 {Sokolov,I-Spasov,V/Elenite/1992/}) 9. Nbc3 Nf6 (9... Nb6
$142 10. b3 a5 $5 $13) 10. O-O h5 11. h4 Rb8 12. b4 Re8 13. b5 Bd7 14. a4 Ng4
15. Nf4 g5 16. hxg5 Qxg5 17. Qf3 Qh6 18. a5 a6 19. Rfb1 h4 20. Ncd5 Rbc8 21.
bxa6 bxa6 22. Rb7 $36 {Nesterov,Y-Adamski,J/Warszawa op/1993/}) (4. c4 Bg7 5.
Nc3 f5 6. g3 d6 7. Bg2 Nd7 8. e3 O-O 9. Nge2 Nb6 10. b3 a5 $5 11. O-O c6 12.
Rb1 Re8 13. Qd3 Nd7 14. a3 Nf6 15. b4 axb4 16. axb4 Ne4 $5 17. Nxe4 fxe4 18.
Bxe4 d5 19. cxd5 cxd5 20. Bf3 Bf5 21. Qb3 Bxb1 22. Rxb1 Qf6 23. Bxd5 Ra7 $1 $10
{<=><->a,Hodgson,J-Martin,A/BCF-ch/1993/}) (4. h4 $5 f5 5. h5 Bg7 6. e3 d6 7.
Bc4 Nd7 8. Ne2 Nb6 9. Bb3 Bd7 10. Nbc3 Qe7 11. a4 a5 12. Nf4 c6 13. Qd2 Bf6 14.
O-O-O d5 15. g4 fxg4 16. e4 Bg5 17. exd5 Qf6 18. Ne4 Qxf4 19. Nxg5 Qxd2+ 20.
Kxd2 cxd5 21. Rde1+ Kf8 22. hxg6 fxg6 23. Rxh7 Rxh7 24. Nxh7+ Kf7 25. Re5 $2 (
25. Ng5+ Kf6 26. Nh7+ $10) 25... Re8 $1 $17 {Adams,M-Short,N/ENG-ch/1991/})
4... d5 $5 $146 (4... Bg7 5. Bg2 f5 6. c4 c6 (6... c5 $5 7. e3 Qb6 8. Ne2 Nc6
$132) 7. e3 d6 8. Nc3 Nd7 9. b4 O-O 10. Nge2 Nf6 11. O-O Qe7 12. b5 Ne4 13. Qd3
Re8 14. Rab1 Be6 15. bxc6 bxc6 16. Nxe4 $5 fxe4 17. Bxe4 d5 18. cxd5 cxd5 19.
Bg2 Bf5 20. Qd2 Bxb1 21. Rxb1 Rab8 22. Rxb8 Rxb8 23. Bxd5 $14 {Aleksandrov,
A-Janev,E/EUchJ Sas van Gent/1992/}) 5. Bg2 Bg7 (5... c6 $142 {/\Bd6} 6. e4
dxe4 7. Bxe4 f5 8. Bg2 Bg7 $132) 6. e3 O-O 7. Nd2 c6 8. Ne2 Nd7 9. c4 dxc4 10.
Nxc4 Nb6 (10... c5 $5 11. O-O (11. d5 b5 $36) 11... Rb8 $10) 11. Na5 $5 $14 Re8
12. O-O Bf8 13. a3 Bd6 14. b4 $14 {|^<<} h5 $1 15. e4 $6 (15. Nc3 $142 {
/\Ne4-c5,b5+/=}) 15... Kg7 16. Rc1 (16. h4 $142 $5 $13) 16... h4 $36 17. Rc3 (
17. Nb3 Rh8 18. Nc5 Qg8 {-><->h}) 17... Rb8 18. Qc2 Rh8 19. Rd1 (19. Re3 Qg8
20. e5 Be7 $36) 19... Qg8 20. Re3 hxg3 (20... Qh7 $5 $15) 21. fxg3 (21. hxg3
$142 $5 Qh7 22. Kf1 Bg4 $15) 21... Qh7 22. Kf2 $5 (22. h4 g5 $40) 22... Bg4 (
22... Qxh2 23. Rh1 Qxh1 24. Bxh1 Rxh1 25. Kg2 $14) 23. h3 Be6 24. Rf3 f5 25.
Qb2 $6 (25. e5 Be7 26. Nf4 Nd5 27. Nxe6+ fxe6 $15 {|^}) 25... fxe4 $1 26. d5+
Kf8 27. dxe6 $8 exf3 28. Rxd6 fxg2 29. Qf6 Nd5 $8 30. e7+ (30. Qe5 Qh5 $19)
30... Nxe7 31. Nf4 g5 $1 32. Ne6+ Kg8 33. Nd4 (33. Qxe7 Qf5+ 34. Kxg2 Qxh3+ 35.
Kf2 Qf5+ {/\fe6-+}) (33. Qxg5+ $142 Qg6 34. Qxg6+ (34. Qxe7 $2 g1=Q+ 35. Kxg1
Qxg3+ 36. Kf1 Qxh3+ $19) 34... Nxg6 35. Rd8+ Rxd8 36. Nxd8 Rxh3 37. Kxg2 Rh5
38. Naxb7 Ne5 $19) 33... Qe4 34. Qxg5+ Kf8 35. Nxb7 Rg8 $1 (35... Rxb7 $4 36.
Rd8#) 36. Qh6+ Ke8 $19 37. Nc5 g1=Q+ 38. Kxg1 Rxg3+ $2 $138 (38... Qe1+ $19)
39. Kf2 Qg2+ 40. Ke1 Qg1+ 41. Kd2 Qh2+ 42. Ne2 Rxh3 43. Qf4 (43. Qf6 Rf3 $1 44.
Qxf3 (44. Qd4 Rf2) 44... Qxd6+ $19) 43... Qxf4+ 44. Nxf4 Rh2+ (44... Rxa3 45.
Nd7 Rxb4 46. Nf6+ Kf8 47. N4h5 Nf5 $19) 45. Kc3 Rd8 46. Nb7 Rxd6 47. Nxd6+ Kf8
48. a4 $6 Rh4 (48... Rh4 49. Nd3 Nd5+ 50. Kb3 Rd4 $19) 0-1

[Event "Linares zt"]
[Site "Linares"]
[Date "1995.??.??"]
[Round "10"]
[White "Miles, Anthony John"]
[Black "Van Wely, Loek"]
[Result "0-1"]
[WhiteElo "2600"]
[BlackElo "2585"]
[Annotator "Stohl,I"]
[PlyCount "54"]
[EventDate "1995.11.??"]
[EventType "swiss"]
[EventRounds "11"]
[EventCountry "ESP"]
[SourceTitle "CBM 051"]
[Source "ChessBase"]
[SourceDate "1996.04.01"]
[SourceVersion "1"]
[SourceVersionDate "1996.04.01"]
[SourceQuality "1"]

1. d4 Nf6 2. Bg5 Ne4 3. Bf4 d5 4. e3 (4. Nd2 Nxd2 5. Qxd2 c6 6. e3 Bf5 7. Nf3
e6 8. Bd3 Nd7 9. O-O Be7 10. c4 Bxd3 11. Qxd3 O-O $10 12. cxd5 $6 exd5 13. a3
a6 14. b4 Nb6 15. Nd2 Qd7 16. Rab1 Na4 17. Qc2 b5 18. Nf3 f6 19. Rfe1 Nb6 20.
Nd2 Nc4 $15 {Garcia Paolicchi,R-Marinelli,T/Linares zt/1995/}) (4. f3 Nf6 5.
Nc3 (5. e4 dxe4 6. Nc3 e3 $5 7. Qd3 e6 8. Qxe3 Be7 9. O-O-O O-O 10. Kb1 Nc6 11.
g4 Nb4 12. Bg3 b6 13. a3 Nbd5 14. Nxd5 Nxd5 15. Qe1 Bb7 16. Bd3 c5 17. c4 Nf6
18. dxc5 Qe8 19. Bd6 bxc5 20. Bxe7 Qxe7 21. Qh4 g6 22. Nh3 Rfd8 23. Ng5 Qf8 24.
Be4 Bxe4+ 25. Nxe4 Nxe4 26. fxe4 Rd4 27. Rxd4 cxd4 $132 {1/2/Benjamin,
J-Yermolinsky,A/USA-ch Modesto/1995/}) 5... Bf5 6. e3 e6 7. g4 Bg6 8. h4 h5 9.
g5 Nfd7 10. Bd3 Bxd3 11. Qxd3 g6 12. e4 $1 c6 13. exd5 exd5 14. O-O-O Bb4 $2 (
14... Be7 $142) 15. Re1+ Kf8 16. a3 Bxc3 17. Qxc3 Na6 18. Rh2 Kg8 19. Rhe2 Nc7
20. Qd3 Kg7 21. Nh3 a5 22. Re7 a4 23. Bxc7 Qxc7 24. R1e6 Kg8 25. Rxf7 {1-0/
Gulko,B-Kudrin,S/USA-ch Modesto/1995/}) 4... Bf5 $5 (4... c6 5. Bd3 (5. Nd2
Nxd2 6. Qxd2 Bf5 7. Ne2 Nd7 8. f3 e6 9. g4 Bg6 10. Bg3 f6 11. h4 Nb6 12. Nf4
Bd6 13. O-O-O Bf7 14. Qh2 Qe7 15. Nd3 Bxg3 16. Qxg3 O-O-O 17. Bh3 Bg6 18. g5
Bxd3 19. Rxd3 f5 20. e4 g6 21. exf5 exf5 22. Re1 Qc7 $10 {Miladinovic,I-Leko,P/
Belgrade/1995/}) 5... Qb6 6. Qc1 Qa5+ 7. c3 Bf5 8. f3 Nd6 9. Bxf5 Nxf5 10. e4
Nh4 11. Bg3 Ng6 12. Ne2 e6 13. Nd2 Be7 14. O-O O-O 15. Qc2 Nd7 16. Rae1 Rac8
17. b4 Qd8 18. Qb3 b5 19. a4 a6 20. a5 $14 {[%csl Gd4,Ge4] [+](),Adams,M-Leko,
P/Groningen/1995/}) (4... e6 5. Bd3 b6 $5 6. Bxe4 $6 dxe4 7. Nc3 Bb4 8. Qg4 O-O
9. Qg3 Bxc3+ 10. bxc3 Nc6 11. Nh3 Ba6 12. f3 exf3 13. gxf3 f6 14. Bh6 Rf7 15.
Rg1 Qe7 16. Nf4 Kh8 17. Qh4 gxh6 18. Qxh6 Rg8 19. Ng6+ Rxg6 20. Rxg6 Qa3 21.
Kd2 Ne5 {0-1/Hodgson,J-Yermolinsky,A/Hastings/1996/}) 5. f3 Nf6 6. g4 (6. Nc3
$142 $5 {A better and more flexible move, White waits with g4 till Black
advances his e-pawn. In the game Black manages to delay e6 to his advantage.}
e6 7. g4 Bg6 8. h4 $36 {-4.f3}) 6... Bg6 7. h4 h5 (7... h6 8. Bd3 (8. c4 $5 e6
9. Nc3 Bd6 10. Nh3 c6 11. Qb3 b6 12. O-O-O dxc4 13. Bxc4 Nd5 14. Bxd6 Qxd6 15.
e4 Nxc3 16. Qxc3 b5 17. Bb3 a5 18. h5 Bh7 19. g5 hxg5 20. d5 e5 21. dxc6 Qxc6
22. Nxg5 Qxc3+ 23. bxc3 Bg8 24. Bxf7+ $1 Bxf7 25. Rd8+ $16 {Efimov,I-Nordahl,H/
Gausdal Peer Gynt/1991/}) (8. Nc3 e6 9. Qd2 c5 10. Nb5 Na6 11. Nh3 Qb6 12. a4
c4 13. c3 Be7 14. Bg3 Bh7 15. Nf4 Nd7 16. g5 Bf5 17. Qg2 Qc6 18. Nh5 Kf8 19.
Bf4 hxg5 20. hxg5 Rg8 21. Qh2 Bg6 22. Ng3 Nb6 $36 {Degraeve,J-Lepelletier,B/
FRA-ch Toulouse/1995/}) 8... Bxd3 9. Qxd3 c6 10. Nc3 Na6 11. Nge2 e6 12. O-O-O
Qa5 13. Kb1 O-O-O 14. g5 hxg5 15. hxg5 Rxh1 16. Rxh1 Ne8 17. Rh8 Qb4 18. a3 Qe7
19. e4 Nd6 20. g6 fxg6 21. exd5 exd5 22. Qxg6 Nf7 23. Rh5 Nc7 24. Bh2 $14 {
Adams,M-De la Villa Garcia,J/Leon/1995/}) 8. g5 Nfd7 9. Bd3 (9. Nc3 c6 10. Bd3
Bxd3 11. Qxd3 g6 $5 (11... e6 12. Bxb8 Qxb8 13. f4 Bb4 14. Nf3 Qd6 15. Ne5 Nxe5
16. fxe5 Qe7 17. O-O O-O-O 18. Rf4 Rdf8 19. Raf1 $16 {[%csl Rf7][%cal Gf1f7]
<->f,><f7,Bondarenko-Poggemann/Moscow7 op/1991/}) 12. e4 e6 13. O-O-O Be7 14.
Re1 Na6 15. a3 Nb6 16. Be5 O-O 17. Bf6 Bxf6 18. gxf6 Qxf6 19. Nh3 c5 20. e5 Qf5
21. Qd2 Nc4 22. Qh6 cxd4 23. Nxd5 exd5 24. Ng5 Rfe8 $19 {Hodgson,J-Nunn,J/BL
95/96/1995/}) 9... Bxd3 10. Qxd3 Nc6 11. g6 $6 (11. c4 dxc4 12. Qxc4 e5 $1 $36)
(11. Nc3 Nb6 12. Nge2 g6 $13 {[%cal Yf8g7,Ye7e5] /\Bg7,e5}) 11... f6 12. Nc3 (
12. Qf5 e5 13. dxe5 Ndxe5 $15) 12... Nb6 13. Qf5 (13. Nb5 e5 14. dxe5 fxe5 15.
Bg5 Be7 $15 {[%csl Gd5,Ge5] [+]}) (13. O-O-O Qd7 14. Nge2 O-O-O $15 {[%cal
Re7e5] /\e5}) 13... Qd7 14. Qxd7+ Kxd7 15. O-O-O e6 16. e4 $2 {Loses a pawn.} (
16. Nh3 Bb4 17. Ne2 (17. Nb5 e5 18. dxe5 fxe5 19. Bg5 a6 $17) 17... Ne7 18.
Rhg1 Nc4 $15 {[%csl Rg6] ><g6}) (16. Nge2 $142 $5) 16... Ne7 $17 17. Nge2 Nxg6
18. Rdg1 Nxf4 19. Nxf4 c6 20. Nce2 Rh7 21. Rg6 Ke7 $1 22. Nd3 Kf7 23. Nef4 (23.
Rhg1 $142 Nd7 $17 {[%csl Gg7][%cal Yf8e7,Ya8g8,Yd7f8] /\Be7,Rg8,Nf8,^^g}) 23...
dxe4 $1 24. fxe4 Rd8 $19 25. c3 c5 26. dxc5 (26. Nxc5 Bxc5 27. dxc5 Na4 {
[%cal Ra4c5,Re6e5] /\e5,Nc5-+}) 26... Na4 {[%cal Re6e5,Rd8d3] /\e5,Rd3} (26...
Rxd3 27. Nxd3 Kxg6 28. cxb6 axb6 $19) 27. Rhg1 (27. Rg3 Nxc5 28. Nxc5 Bxc5 $19
{_|_}) 27... e5 $1 (27... Nxc5 $2 28. Nxc5 Bxc5 29. Rxg7+ $1 Rxg7 30. Rxg7+
Kxg7 31. Nxe6+ Kg6 32. Nxd8 $13) (27... e5 28. Nd5 Nxc5 29. Nxc5 Bxc5 30. R1g2
Bf2 $1 {[%csl Rh4] ><h4 White will have to lose another pawn, or sacrifice the
exchange, both possibilities are equally hopeless.} 31. Rxf6+ gxf6 32. Rxf2 Rh6
{[%cal Yd8g8,Yg8g4] /\Rg8-g4}) 0-1